000 00802nam a22002177a 4500
003 BUBTL
008 171219b xxu||||| |||| 00| 0 eng d
020 _a9780135031667
082 _a657.825/ F8771g/ 2009
100 _91679
_aFreeman, Robert J.
245 _aGovernmental and Nonprofit Accounting :
_bTheory and Practice /
_cRobert J. Freeman, Craig D. Shoulders and Gregory S. Allison and Terry K. Patton and G.Robert Smith
250 _a9th
260 _aNew Jersey
_bPearson Prentice Hall
_cc2009
300 _a[xx], 856p . :
_bill. 25cm .
500 _aIncludes Index .
650 0 _95
_aAccounting
700 _91680
_aCraig D. Shoulders and Gregory S. Allison and Terry K. Patton and G.Robert Smith
856 _k0
_l0
_yDownload
942 _2ddc
_cBK
999 _c5615
_d5615